[Event "2023 US National Elementary K-6 Championship"]
[Site "Baltimore, Maryland, United States"]
[Date "2023.05.12"]
[Round "1.7"]
[White "Soni, Arjun"]
[Black "Lou, Alvin"]
[Result "1-0"]
[TimeControl "G/90; d10"]
[WhiteElo "2013"]
[BlackElo "1431"]

1. e4 {[%clk 01:29:49]} {[%emt 00:00:20]} c6 {[%clk 01:30:00]} {[%emt
00:00:08]} 2. d4 {[%clk 01:29:49]} {[%emt 00:00:05]} d5 {[%clk 01:30:00]}
{[%emt 00:00:07]} 3. exd5 {[%clk 01:29:49]} {[%emt 00:00:06]} cxd5 {[%clk
01:30:00]} {[%emt 00:00:09]} 4. Bd3 {[%clk 01:29:38]} {[%emt 00:00:20]} Nf6
{[%clk 01:29:54]} {[%emt 00:00:18]} 5. Nf3 {[%clk 01:29:37]} {[%emt 00:00:11]}
Nc6 {[%clk 01:29:09]} {[%emt 00:00:55]} 6. c3 {[%clk 01:29:37]} {[%emt
00:00:09]} Bg4 {[%clk 01:29:05]} {[%emt 00:00:15]} 7. Bf4 {[%clk 01:28:26]}
{[%emt 00:01:21]} Bxf3 {[%clk 01:28:41]} {[%emt 00:00:34]} 8. Qxf3 {[%clk
01:27:44]} {[%emt 00:00:52]} e6 {[%clk 01:28:29]} {[%emt 00:00:23]} 9. Nd2
{[%clk 01:23:42]} {[%emt 00:04:12]} Bd6 {[%clk 01:28:01]} {[%emt 00:00:38]} 10.
g4 {[%clk 01:09:05]} {[%emt 00:14:47]} Bxf4 {[%emt 00:01:22]} 11. Qxf4 {[%clk
01:08:48]} {[%emt 00:00:24]} h6 {[%clk 01:25:26]} {[%emt 00:01:35]} 12. h4
{[%clk 01:06:50]} {[%emt 00:02:08]} Rc8 {[%clk 01:24:12]} {[%emt 00:01:24]} 13.
Qf3 {[%clk 01:03:48]} {[%emt 00:03:12]} a6 {[%clk 01:22:25]} {[%emt 00:01:58]}
14. g5 {[%clk 00:42:56]} {[%emt 00:21:02]} Nd7 {[%clk 01:20:05]} {[%emt
00:02:31]} 15. Rg1 {[%clk 00:34:50]} {[%emt 00:08:15]} h5 {[%clk 01:15:17]}
{[%emt 00:04:58]} 16. Qe2 {[%clk 00:33:14]} {[%emt 00:01:46]} g6 {[%clk
01:14:31]} {[%emt 00:00:57]} 17. f4 {[%clk 00:32:14]} {[%emt 00:01:10]} O-O
{[%clk 01:12:41]} {[%emt 00:02:01]} 18. Nf3 {[%clk 00:28:40]} {[%emt 00:03:43]}
Nb6 {[%clk 01:12:03]} {[%emt 00:00:49]} 19. Kf2 {[%clk 00:24:36]} {[%emt
00:04:14]} Re8 {[%clk 01:09:06]} {[%emt 00:03:06]} 20. Ne5 {[%clk 00:22:27]}
{[%emt 00:02:19]} Nxe5 {[%clk 01:07:39]} {[%emt 00:01:36]} 21. fxe5 {[%clk
00:22:24]} {[%emt 00:00:13]} Qe7 {[%clk 01:06:39]} {[%emt 00:01:10]} 22. Rg3
{[%clk 00:21:08]} {[%emt 00:01:26]} Qf8 {[%clk 01:05:32]} {[%emt 00:01:17]} 23.
Rf3 {[%clk 00:21:06]} {[%emt 00:00:12]} Qe7 {[%clk 01:03:49]} {[%emt 00:01:54]}
24. Kg2 {[%clk 00:18:57]} {[%emt 00:02:18]} Rc7 {[%clk 01:02:45]} {[%emt
00:01:15]} 25. Raf1 {[%clk 00:18:45]} {[%emt 00:00:22]} Kg7 {[%clk 01:00:11]}
{[%emt 00:02:45]} 26. Qc2 {[%clk 00:16:56]} {[%emt 00:01:58]} Nc8 {[%clk
00:57:39]} {[%emt 00:02:42]} 27. Rf6 {[%clk 00:16:12]} {[%emt 00:00:53]} Rf8
{[%clk 00:57:15]} {[%emt 00:00:35]} 28. Bxg6 {[%emt 00:00:36]} 1-0

[Event "2023 US National Elementary K-6 Championship"]
[Site "Baltimore, Maryland, United States"]
[Date "2023.05.12"]
[Round "1.3"]
[White "Rajaram, Rohan"]
[Black "Bencosme-Lee, Gabe"]
[Result "1-0"]
[TimeControl "G/90; d10"]
[WhiteElo "2100"]
[BlackElo "1453"]

1. d4 {[%clk 01:30:00]} d5 {[%clk 01:28:47]} {[%emt 00:00:47]} 2. c4 {[%clk
01:30:00]} {[%emt 00:00:24]} e6 {[%clk 01:28:47]} 3. Nc3 {[%clk 01:30:00]}
{[%emt 00:00:09]} Nf6 {[%clk 01:28:37]} {[%emt 00:00:09]} 4. cxd5 {[%clk
01:30:00]} {[%emt 00:00:04]} exd5 {[%clk 01:28:37]} {[%emt 00:00:08]} 5. Bg5
{[%clk 01:30:00]} Be7 {[%clk 01:26:18]} {[%emt 00:02:26]} 6. e3 {[%clk
01:30:00]} {[%emt 00:00:18]} O-O {[%clk 01:25:57]} {[%emt 00:00:26]} 7. Bd3
{[%clk 01:30:00]} {[%emt 00:00:03]} h6 {[%clk 01:25:44]} {[%emt 00:00:17]} 8.
Bh4 {[%clk 01:30:00]} {[%emt 00:00:11]} b6 {[%clk 01:24:31]} {[%emt 00:01:22]}
9. Qc2 {[%clk 01:28:57]} {[%emt 00:01:24]} Bb7 {[%clk 01:22:36]} {[%emt
00:01:57]} 10. Nge2 {[%clk 01:28:03]} {[%emt 00:00:55]} Nbd7 {[%clk 01:20:00]}
{[%emt 00:02:46]} 11. O-O {[%clk 01:27:40]} {[%emt 00:00:33]} Rc8 {[%clk
01:17:52]} {[%emt 00:02:20]} 12. Rad1 {[%clk 01:24:59]} {[%emt 00:02:52]} c5
{[%clk 01:14:59]} {[%emt 00:03:00]} 13. dxc5 {[%clk 01:15:46]} {[%emt
00:09:22]} bxc5 {[%clk 01:14:45]} {[%emt 00:00:32]} 14. Bf5 {[%clk 01:14:47]}
{[%emt 00:01:01]} Rc7 {[%clk 01:07:30]} {[%emt 00:07:44]} 15. Bg3 {[%clk
01:13:13]} {[%emt 00:01:31]} Rc8 {[%clk 01:05:52]} {[%emt 00:01:48]} 16. Nf4
{[%clk 01:11:42]} {[%emt 00:01:35]} Qb6 {[%clk 00:49:59]} {[%emt 00:16:03]} 17.
Nfxd5 {[%clk 01:10:10]} {[%emt 00:01:44]} Nxd5 {[%clk 00:49:17]} {[%emt
00:00:49]} 18. Nxd5 {[%clk 01:09:29]} {[%emt 00:01:30]} Bxd5 {[%clk 00:48:29]}
{[%emt 00:00:21]} 19. Bxd7 {[%clk 01:08:48]} {[%emt 00:01:02]} Rcd8 {[%clk
00:47:16]} {[%emt 00:01:27]} 20. Rxd5 {[%clk 01:08:48]} {[%emt 00:00:13]} Qb7
{[%clk 00:46:42]} {[%emt 00:00:26]} 21. Rfd1 {[%clk 01:08:44]} {[%emt
00:00:14]} Bf6 {[%clk 00:46:10]} {[%emt 00:00:44]} 22. b3 {[%clk 01:08:38]}
{[%emt 00:00:16]} Rfe8 {[%clk 00:45:47]} {[%emt 00:00:31]} 23. Qxc5 {[%clk
01:06:58]} {[%emt 00:02:28]} Rc8 {[%clk 00:44:33]} {[%emt 00:00:46]} 24. Bxc8
{[%clk 01:06:32]} {[%emt 00:00:40]} Rxc8 {[%clk 00:44:33]} {[%emt 00:00:06]} 25.
Qb5 {[%clk 01:06:26]} {[%emt 00:00:08]} Qa8 {[%clk 00:44:21]} {[%emt 00:00:21]}
26. Be5 {[%clk 01:06:16]} {[%emt 00:00:26]} a6 {[%clk 00:44:06]} {[%emt
00:00:20]} 27. Qd3 {[%clk 01:06:16]} {[%emt 00:00:12]} Bxe5 {[%clk 00:43:52]}
{[%emt 00:00:21]} 28. Rxe5 {[%clk 01:06:16]} {[%emt 00:00:23]} a5 {[%clk
00:43:52]} 29. Re7 {[%clk 01:06:16]} {[%emt 00:00:03]} Rf8 {[%clk 00:43:48]}
{[%emt 00:00:09]} 30. Qc4 {[%clk 01:06:12]} {[%emt 00:00:29]} Kh8 {[%clk
00:42:31]} {[%emt 00:01:13]} 31. Rxf7 {[%clk 01:06:12]} {[%emt 00:00:12]} Rd8
{[%clk 00:42:26]} {[%emt 00:00:19]} 32. Rxd8+ {[%clk 01:06:12]} {[%emt
00:00:09]} Qxd8 {[%clk 00:42:26]} 33. Qd4 {[%clk 01:06:12]} {[%emt 00:00:08]}
Qg8 {[%clk 00:42:09]} {[%emt 00:00:32]} 34. Rd7 {[%clk 01:06:12]} a4 {[%clk
00:41:24]} {[%emt 00:00:51]} 35. Rd8 {[%clk 01:06:09]} {[%emt 00:00:31]} Qxd8
{[%clk 00:41:24]} 36. Qxd8+ {[%clk 01:06:09]} {[%emt 00:00:30]} Kh7 {[%clk
00:41:24]} 37. b4 {[%clk 01:06:09]} a3 {[%clk 00:41:24]} 38. b5 {[%clk
01:06:09]} h5 {[%clk 00:41:07]} {[%emt 00:00:17]} 39. b6 {[%clk 01:06:09]}
{[%emt 00:00:06]} h4 {[%clk 00:41:07]} {[%emt 00:00:03]} 40. b7 {[%clk
01:06:09]} {[%emt 00:00:04]} h3 {[%clk 00:41:07]} {[%emt 00:00:04]} 41. b8=Q
{[%clk 01:06:09]} {[%emt 00:00:08]} hxg2 {[%clk 00:40:27]} {[%emt 00:00:50]} 42.
Qe5 {[%clk 01:06:08]} {[%emt 00:00:05]} g5 {[%clk 00:40:24]} {[%emt 00:00:38]}
43. Qdh8+ {[%clk 01:06:08]} {[%emt 00:00:08]} Kg6 {[%clk 00:40:24]} 44. Qef6#
{[%clk 01:06:07]} 1-0

[Event "2023 US National Elementary K-6 Championship"]
[Site "Baltimore, Maryland, United States"]
[Date "2023.05.12"]
[Round "1.2"]
[White "Han, Jesse"]
[Black "Das, Aditeya"]
[Result "0-1"]
[TimeControl "G/90; d10"]
[WhiteElo "1444"]
[BlackElo "2146"]

1. e4 {[%clk 01:30:00]} {[%emt 00:00:05]} c5 {[%clk 01:30:00]} {[%emt
00:00:07]} 2. Nf3 {[%clk 01:30:00]} {[%emt 00:00:17]} d6 {[%clk 01:30:00]}
{[%emt 00:00:08]} 3. d4 {[%clk 01:29:53]} {[%emt 00:00:15]} cxd4 {[%clk
01:30:00]} 4. Nxd4 {[%clk 01:29:53]} {[%emt 00:00:14]} Nf6 {[%clk 01:30:00]} 5.
Nc3 {[%clk 01:29:53]} a6 {[%clk 01:30:00]} {[%emt 00:00:19]} 6. f3 {[%clk
01:28:09]} {[%emt 00:01:58]} g6 {[%clk 01:29:03]} {[%emt 00:00:49]} 7. Be3
{[%clk 01:28:00]} {[%emt 00:00:20]} Bg7 {[%clk 01:29:01]} {[%emt 00:00:12]} 8.
Qd2 {[%clk 01:28:00]} {[%emt 00:00:52]} b5 {[%clk 01:27:21]} {[%emt 00:01:25]}
9. O-O-O {[%clk 01:25:28]} {[%emt 00:02:32]} Bb7 {[%clk 01:24:58]} {[%emt
00:02:25]} 10. Be2 {[%clk 01:22:15]} {[%emt 00:03:23]} h5 {[%clk 01:20:28]}
{[%emt 00:04:41]} 11. h4 {[%clk 01:20:04]} {[%emt 00:02:18]} Nbd7 {[%clk
01:20:16]} {[%emt 00:01:01]} 12. Kb1 {[%clk 01:19:37]} {[%emt 00:00:07]} Nb6
{[%clk 01:19:40]} {[%emt 00:00:37]} 13. a3 {[%clk 01:11:49]} {[%emt 00:07:58]}
Rc8 {[%clk 01:18:56]} {[%emt 00:01:05]} 14. Bf2 {[%clk 01:08:25]} {[%emt
00:03:32]} Nc4 {[%clk 01:18:37]} {[%emt 00:00:20]} 15. Bxc4 {[%clk 01:05:30]}
{[%emt 00:03:04]} Rxc4 {[%clk 01:18:31]} {[%emt 00:00:43]} 16. Bg3 {[%clk
01:04:01]} {[%emt 00:01:12]} Nxe4 {[%clk 01:17:41]} {[%emt 00:01:03]} 17. Nxe4
{[%clk 01:03:14]} {[%emt 00:00:53]} Rxd4 {[%clk 01:17:39]} {[%emt 00:00:24]} 18.
Qe3 {[%clk 01:02:32]} {[%emt 00:01:11]} Rxd1+ {[%clk 01:17:38]} {[%emt
00:00:04]} 19. Rxd1 {[%clk 01:02:32]} O-O {[%clk 01:17:38]} 20. Ng5 {[%clk
01:01:07]} {[%emt 00:01:38]} Qc7 {[%clk 01:15:56]} {[%emt 00:01:45]} 21. Re1
{[%clk 01:00:10]} {[%emt 00:01:10]} Rc8 {[%clk 01:15:06]} {[%emt 00:00:53]} 22.
Re2 {[%clk 00:59:37]} {[%emt 00:00:53]} Bf6 {[%clk 01:13:57]} {[%emt 00:01:24]}
23. Ne4 {[%clk 00:59:06]} {[%emt 00:00:25]} Bxe4 {[%clk 01:13:25]} {[%emt
00:00:41]} 24. Qxe4 {[%clk 00:58:55]} {[%emt 00:00:22]} Qc4 {[%clk 01:11:32]}
{[%emt 00:02:03]} 25. Qxc4 {[%clk 00:58:02]} {[%emt 00:01:34]} Rxc4 {[%clk
01:11:24]} {[%emt 00:00:04]} 26. Re4 {[%clk 00:57:45]} {[%emt 00:00:11]} d5
{[%clk 01:10:37]} {[%emt 00:00:56]} 27. Rf4 {[%clk 00:57:30]} {[%emt 00:00:25]}
Rxf4 {[%clk 01:10:37]} {[%emt 00:00:31]} 28. Bxf4 {[%clk 00:57:29]} {[%emt
00:00:13]} Bxh4 {[%clk 01:10:37]} 29. Ka2 {[%clk 00:57:27]} f5 {[%clk
01:09:13]} {[%emt 00:01:45]} 30. Kb3 {[%emt 00:00:05]} Bf6 {[%clk 01:09:13]}
{[%emt 00:00:05]} 31. c3 {[%clk 00:57:21]} {[%emt 00:00:09]} e5 {[%clk
01:09:09]} {[%emt 00:00:33]} 32. Be3 {[%clk 00:57:21]} Be7 {[%clk 01:09:03]}
{[%emt 00:00:06]} 33. a4 {[%clk 00:57:17]} {[%emt 00:00:18]} f4 {[%clk
01:08:39]} {[%emt 00:00:27]} 34. Bf2 {[%clk 00:57:17]} {[%emt 00:00:14]} Kf7
{[%clk 01:08:39]} {[%emt 00:00:09]} 35. axb5 {[%clk 00:55:29]} {[%emt
00:01:50]} axb5 {[%clk 01:08:39]} {[%emt 00:00:06]} 36. Kc2 {[%clk 00:55:29]}
{[%emt 00:00:10]} Ke6 {[%clk 01:08:34]} {[%emt 00:00:11]} 37. Kd3 {[%clk
00:55:29]} {[%emt 00:00:20]} Kf5 {[%clk 01:08:33]} 38. b3 {[%clk 00:55:02]}
{[%emt 00:00:31]} e4+ {[%clk 01:08:26]} {[%emt 00:00:17]} 39. fxe4+ {[%clk
00:55:02]} {[%emt 00:00:43]} dxe4+ {[%clk 01:08:26]} 40. Ke2 {[%clk 00:54:49]}
e3 {[%clk 01:08:26]} {[%emt 00:00:04]} 41. Be1 {[%clk 00:54:49]} {[%emt
00:00:06]} Ke4 {[%clk 01:08:25]} {[%emt 00:00:12]} 42. b4 {[%clk 00:54:35]}
{[%emt 00:00:21]} g5 {[%clk 01:08:25]} {[%emt 00:00:21]} 43. c4 {[%clk
00:54:27]} {[%emt 00:00:13]} bxc4 {[%clk 01:08:25]} {[%emt 00:00:14]} 44. Bc3
{[%clk 00:54:26]} g4 {[%clk 01:08:25]} {[%emt 00:00:08]} 45. b5 {[%clk
00:54:26]} {[%emt 00:00:05]} f3+ {[%clk 01:08:25]} {[%emt 00:00:37]} 46. gxf3+
{[%clk 00:54:26]} gxf3+ {[%clk 01:08:25]} {[%emt 00:00:04]} 47. Kf1 {[%clk
00:54:26]} e2+ {[%clk 01:07:55]} {[%emt 00:00:26]} 48. Kg1 {[%clk 00:54:05]}
{[%emt 00:00:57]} Bc5+ {[%clk 01:07:52]} {[%emt 00:00:08]} 49. Kh2 {[%clk
00:54:05]} f2 {[%clk 01:07:52]} 50. b6 {[%clk 00:54:05]} f1=Q {[%clk 01:07:50]}
{[%emt 00:00:05]} 51. Bd4 {[%clk 00:54:03]} {[%emt 00:00:21]} Kf3 {[%clk
01:07:50]} 52. b7 {[%clk 00:53:50]} {[%emt 00:00:16]} Qg2+ {[%emt 00:00:23]}
0-1

[Event "2023 US National Elementary K-6 Championship"]
[Site "Baltimore, Maryland, United States"]
[Date "2023.05.12"]
[Round "1.15"]
[White "Yue, Tariq"]
[Black "Chen, Raymond"]
[Result "1-0"]
[TimeControl "G/90; d10"]
[WhiteElo "2041"]
[BlackElo "1092"]

1. b3 {[%clk 01:30:00]} {[%emt 00:00:03]} d5 {[%clk 01:30:00]} {[%emt
00:00:07]} 2. Bb2 {[%clk 01:30:00]} {[%emt 00:00:05]} c5 {[%clk 01:30:00]}
{[%emt 00:00:08]} 3. e3 {[%clk 01:30:00]} {[%emt 00:00:07]} Nc6 {[%clk
01:30:00]} {[%emt 00:00:04]} 4. Nf3 {[%clk 01:30:00]} {[%emt 00:00:05]} Bg4
{[%clk 01:30:00]} {[%emt 00:00:05]} 5. h3 {[%clk 01:29:58]} {[%emt 00:00:13]}
Bh5 {[%clk 01:30:00]} {[%emt 00:00:06]} 6. Nc3 {[%clk 01:29:00]} {[%emt
00:01:08]} Nf6 {[%clk 01:29:59]} {[%emt 00:00:12]} 7. Bb5 {[%clk 01:27:46]}
{[%emt 00:01:25]} a6 {[%clk 01:29:58]} {[%emt 00:00:11]} 8. Bxc6+ {[%clk
01:27:45]} {[%emt 00:00:10]} bxc6 {[%clk 01:29:58]} {[%emt 00:00:10]} 9. O-O
{[%clk 01:27:21]} {[%emt 00:00:34]} e6 {[%clk 01:29:57]} {[%emt 00:00:11]} 10.
Na4 {[%clk 01:26:05]} {[%emt 00:01:27]} Bd6 {[%clk 01:29:57]} {[%emt 00:00:08]}
11. d4 {[%clk 01:25:03]} {[%emt 00:01:13]} cxd4 {[%clk 01:29:30]} {[%emt
00:00:37]} 12. exd4 {[%clk 01:25:03]} {[%emt 00:00:07]} O-O {[%clk 01:28:58]}
{[%emt 00:00:41]} 13. Qd3 {[%clk 01:24:01]} {[%emt 00:01:13]} Bg6 {[%clk
01:28:18]} {[%emt 00:00:50]} 14. Qe2 {[%clk 01:23:00]} {[%emt 00:01:11]} Bc7
{[%clk 01:27:50]} {[%emt 00:00:38]} 15. c4 {[%clk 01:21:29]} {[%emt 00:01:41]}
Bh5 {[%clk 01:27:45]} {[%emt 00:00:15]} 16. Qe3 {[%clk 01:20:09]} {[%emt
00:01:29]} Qd6 {[%clk 01:27:06]} {[%emt 00:00:49]} 17. Ne5 {[%clk 01:20:00]}
{[%emt 00:00:19]} Nd7 {[%clk 01:26:47]} {[%emt 00:00:29]} 18. c5 {[%clk
01:19:29]} {[%emt 00:00:41]} Qe7 {[%clk 01:25:04]} {[%emt 00:01:53]} 19. Nxc6
{[%clk 01:19:20]} {[%emt 00:00:19]} Qf6 {[%clk 01:24:30]} {[%emt 00:00:42]} 20.
Ne5 {[%clk 01:18:25]} {[%emt 00:01:07]} Nxe5 {[%clk 01:24:00]} {[%emt
00:00:38]} 21. dxe5 {[%clk 01:18:25]} {[%emt 00:00:11]} Qe7 {[%clk 01:21:05]}
{[%emt 00:03:03]} 22. c6 {[%clk 01:17:17]} {[%emt 00:01:19]} Qe8 {[%clk
01:19:09]} {[%emt 00:02:06]} 23. Ba3 {[%clk 01:16:41]} {[%emt 00:00:47]} Qxc6
{[%clk 01:18:01]} {[%emt 00:01:15]} 24. Rac1 {[%emt 00:01:56]} Qb7 {[%clk
01:16:22]} {[%emt 00:00:36]} 25. Bxf8 {[%clk 01:15:59]} {[%emt 00:00:22]} Rxf8
{[%clk 01:16:19]} {[%emt 00:00:11]} 26. Nc5 {[%clk 01:14:33]} {[%emt 00:01:37]}
Qb5 {[%clk 01:15:19]} {[%emt 00:01:10]} 27. a4 {[%emt 00:09:04]} Qb7 {[%emt
00:00:25]} 28. Nxb7 {[%clk 01:12:23]} {[%emt 00:01:15]} 1-0

[Event "2023 US National Elementary K-6 Championship"]
[Site "Baltimore, Maryland, United States"]
[Date "2023.05.12"]
[Round "1.18"]
[White "Yoo, David"]
[Black "Wang, Ted"]
[Result "0-1"]
[TimeControl "G/90; d10"]
[WhiteElo "1082"]
[BlackElo "1900"]

1. e4 {[%clk 01:30:00]} {[%emt 00:00:37]} c5 {[%clk 01:30:00]} 2. Nf3 {[%clk
01:30:00]} Nc6 {[%clk 01:30:00]} 3. d4 {[%clk 01:30:00]} {[%emt 00:00:04]} cxd4
{[%clk 01:30:00]} 4. Nxd4 {[%clk 01:30:00]} {[%emt 00:00:05]} Nf6 {[%clk
01:30:00]} 5. Nc3 {[%clk 01:30:00]} {[%emt 00:00:06]} e5 {[%clk 01:30:00]}
{[%emt 00:00:03]} 6. Nf3 {[%clk 01:29:58]} {[%emt 00:00:13]} Bb4 {[%clk
01:30:00]} {[%emt 00:00:37]} 7. Bd2 {[%clk 01:29:58]} O-O {[%clk 01:29:55]}
{[%emt 00:00:04]} 8. Bc4 {[%clk 01:29:58]} Bxc3 {[%clk 01:29:55]} {[%emt
00:00:05]} 9. Bxc3 {[%clk 01:29:53]} {[%emt 00:00:39]} Nxe4 {[%clk 01:29:55]}
10. O-O {[%clk 01:29:47]} {[%emt 00:00:03]} Nxc3 {[%clk 01:29:42]} {[%emt
00:00:19]} 11. bxc3 {[%clk 01:29:47]} {[%emt 00:00:15]} d6 {[%clk 01:29:42]} 12.
h3 {[%clk 01:29:26]} {[%emt 00:00:30]} Qe7 {[%clk 01:29:42]} {[%emt 00:00:08]}
13. Qd2 {[%clk 01:28:55]} {[%emt 00:00:41]} Be6 {[%clk 01:29:42]} {[%emt
00:00:44]} 14. Bb3 {[%clk 01:28:51]} Rfd8 {[%clk 01:29:41]} 15. Ng5 {[%clk
01:28:48]} {[%emt 00:00:07]} Bxb3 {[%clk 01:29:38]} {[%emt 00:00:07]} 16. cxb3
{[%clk 01:28:46]} {[%emt 00:00:13]} h6 {[%clk 01:29:34]} {[%emt 00:00:24]} 17.
Nf3 {[%clk 01:28:34]} {[%emt 00:00:44]} d5 {[%clk 01:29:14]} 18. Rfe1 {[%clk
01:28:31]} {[%emt 00:00:23]} Qd6 {[%clk 01:29:10]} {[%emt 00:00:07]} 19. Rad1
{[%clk 01:28:05]} {[%emt 00:00:29]} Qc7 {[%clk 01:27:57]} {[%emt 00:01:27]} 20.
a4 {[%clk 01:26:38]} {[%emt 00:01:35]} Rac8 {[%clk 01:27:51]} {[%emt 00:00:14]}
21. Rc1 {[%clk 01:26:33]} {[%emt 00:00:15]} a6 {[%clk 01:26:44]} {[%emt
00:01:17]} 22. b4 {[%clk 01:26:26]} {[%emt 00:00:29]} e4 {[%clk 01:26:41]}
{[%emt 00:00:04]} 23. Nd4 {[%clk 01:26:21]} {[%emt 00:00:12]} Ne5 {[%clk
01:26:41]} {[%emt 00:00:30]} 24. Qf4 {[%clk 01:25:02]} {[%emt 00:01:25]} Nf3+
{[%clk 01:26:34]} {[%emt 00:00:03]} 25. Nxf3 {[%clk 01:24:34]} {[%emt
00:00:46]} Qxf4 {[%clk 01:26:34]} 26. Nd4 {[%clk 01:23:47]} {[%emt 00:01:23]}
Qd2 {[%clk 01:25:43]} {[%emt 00:00:25]} 27. Red1 {[%clk 01:23:30]} {[%emt
00:00:43]} Qa2 {[%clk 01:25:37]} {[%emt 00:00:09]} 28. Ra1 {[%clk 01:22:43]}
{[%emt 00:00:48]} Qc4 {[%clk 01:25:37]} {[%emt 00:00:09]} 29. Nf5 {[%clk
01:22:00]} {[%emt 00:00:48]} Kh7 {[%clk 01:25:09]} {[%emt 00:00:48]} 30. Rac1
{[%clk 01:21:19]} {[%emt 00:00:56]} d4 {[%clk 01:24:30]} {[%emt 00:00:39]} 31.
Nxd4 {[%clk 01:20:58]} {[%emt 00:00:25]} Rxd4 {[%clk 01:24:30]} {[%emt
00:00:32]} 32. Rxd4 {[%clk 01:20:58]} {[%emt 00:00:03]} Qxd4 {[%clk 01:24:30]}
33. cxd4 {[%clk 01:19:45]} {[%emt 00:01:45]} Rxc1+ {[%clk 01:24:30]} 0-1

[Event "2023 US National Elementary K-6 Championship"]
[Site "Baltimore, Maryland, United States"]
[Date "2023.05.12"]
[Round "1.20"]
[White "Sankrithi, Saran"]
[Black "Li, Sophie"]
[Result "0-1"]
[TimeControl "G/90; d10"]
[WhiteElo "1070"]
[BlackElo "1818"]

1. e4 {[%clk 01:30:00]} e5 {[%clk 01:30:00]} {[%emt 00:00:08]} 2. Nf3 {[%clk
01:30:00]} {[%emt 00:00:07]} Nc6 {[%clk 01:30:00]} {[%emt 00:00:37]} 3. d4
{[%clk 01:29:57]} exd4 {[%clk 01:30:00]} 4. Bc4 {[%clk 01:29:57]} {[%emt
00:00:03]} Bc5 {[%clk 01:29:25]} {[%emt 00:00:41]} 5. c3 {[%clk 01:29:56]}
{[%emt 00:00:29]} d6 {[%clk 01:28:56]} {[%emt 00:00:36]} 6. cxd4 {[%clk
01:29:48]} {[%emt 00:00:03]} Bb4+ {[%clk 01:28:42]} {[%emt 00:00:22]} 7. Nc3
{[%clk 01:29:27]} {[%emt 00:00:39]} Nf6 {[%clk 01:28:25]} {[%emt 00:00:45]} 8.
Bg5 {[%clk 01:29:15]} h6 {[%clk 01:28:04]} {[%emt 00:00:28]} 9. Bh4 {[%clk
01:28:33]} {[%emt 00:00:50]} g5 {[%clk 01:25:29]} {[%emt 00:02:53]} 10. Bg3
{[%clk 01:28:10]} {[%emt 00:00:37]} Nxe4 {[%clk 01:24:20]} {[%emt 00:01:25]} 11.
Qe2 {[%clk 01:26:51]} {[%emt 00:01:14]} Qe7 {[%clk 01:23:53]} {[%emt 00:00:35]}
12. Rc1 {[%clk 01:24:26]} {[%emt 00:02:35]} Nxg3 {[%clk 01:22:17]} {[%emt
00:01:46]} 13. hxg3 {[%clk 01:24:01]} {[%emt 00:00:35]} Qxe2+ {[%clk 01:22:04]}
{[%emt 00:00:23]} 14. Bxe2 {[%clk 01:24:00]} {[%emt 00:00:33]} f6 {[%clk
01:20:22]} {[%emt 00:01:33]} 15. Bb5 {[%emt 00:00:29]} Bd7 {[%clk 01:20:04]}
{[%emt 00:00:21]} 16. O-O {[%clk 01:23:27]} {[%emt 00:00:27]} Bxc3 {[%clk
01:15:56]} {[%emt 00:04:19]} 17. Rxc3 {[%clk 01:23:18]} {[%emt 00:00:22]} O-O-O
{[%clk 01:15:34]} {[%emt 00:01:02]} 18. Ra3 {[%clk 01:22:53]} {[%emt 00:00:06]}
a6 {[%clk 01:15:15]} {[%emt 00:00:25]} 19. Bxc6 {[%clk 01:22:43]} {[%emt
00:00:39]} Bxc6 {[%clk 01:15:15]} 20. Re1 {[%clk 01:22:09]} {[%emt 00:00:36]}
Rhe8 {[%clk 01:14:31]} {[%emt 00:00:52]} 21. Rae3 {[%clk 01:21:02]} {[%emt
00:01:16]} Kd7 {[%clk 01:13:45]} {[%emt 00:01:20]} 22. Nd2 {[%clk 01:19:43]}
{[%emt 00:01:18]} Bd5 {[%clk 01:13:26]} {[%emt 00:00:17]} 23. a3 {[%clk
01:19:37]} {[%emt 00:00:15]} Re6 {[%clk 01:12:39]} {[%emt 00:00:55]} 24. Rxe6
{[%clk 01:18:46]} {[%emt 00:01:01]} Bxe6 {[%clk 01:12:39]} {[%emt 00:00:18]} 25.
Ne4 {[%clk 01:17:34]} {[%emt 00:01:12]} Rf8 {[%clk 01:12:19]} {[%emt 00:00:33]}
26. f4 {[%clk 01:17:17]} {[%emt 00:00:24]} f5 {[%clk 01:11:24]} {[%emt
00:01:07]} 27. Nc3 {[%clk 01:16:35]} {[%emt 00:00:50]} c6 {[%clk 01:10:40]}
{[%emt 00:00:53]} 28. Ne2 {[%clk 01:12:03]} {[%emt 00:04:56]} Bc4 {[%clk
01:09:35]} {[%emt 00:01:07]} 29. Kf2 {[%clk 01:11:12]} {[%emt 00:01:06]} Re8
{[%clk 01:09:12]} {[%emt 00:00:52]} 30. Nc1 {[%clk 01:09:46]} {[%emt 00:01:07]}
Rxe1 {[%clk 01:09:00]} {[%emt 00:00:58]} 31. Kxe1 {[%clk 01:09:46]} Ke6 {[%clk
01:08:33]} {[%emt 00:00:05]} 32. b3 {[%clk 01:09:44]} {[%emt 00:00:14]} Bd5
{[%clk 01:08:33]} {[%emt 00:00:05]} 33. Kf2 {[%clk 01:09:40]} {[%emt 00:00:31]}
Be4 {[%clk 01:08:18]} {[%emt 00:00:11]} 34. b4 {[%clk 01:09:24]} {[%emt
00:00:25]} Kd5 {[%clk 01:07:58]} {[%emt 00:00:38]} 35. Nb3 {[%clk 01:09:22]}
{[%emt 00:00:14]} b6 {[%clk 01:07:45]} {[%emt 00:00:14]} 36. Ke3 {[%clk
01:08:29]} {[%emt 00:01:08]} Bxg2 {[%clk 01:07:01]} {[%emt 00:00:45]} 37. Nd2
{[%clk 01:08:14]} {[%emt 00:00:33]} c5 {[%clk 01:04:33]} {[%emt 00:02:31]} 38.
Kf2 {[%clk 01:07:53]} {[%emt 00:00:31]} Be4 {[%clk 01:04:08]} {[%emt 00:00:36]}
39. dxc5 {[%clk 01:06:51]} {[%emt 00:01:14]} dxc5 {[%clk 01:03:43]} {[%emt
00:00:32]} 40. bxc5 {[%clk 01:03:41]} {[%emt 00:03:28]} bxc5 {[%clk 01:03:43]}
{[%emt 00:00:12]} 41. Ke3 {[%clk 01:03:41]} c4 {[%clk 01:01:56]} {[%emt
00:01:52]} 42. g4 {[%clk 01:02:46]} {[%emt 00:01:16]} c3 {[%clk 01:01:40]}
{[%emt 00:00:16]} 43. Nxe4 {[%clk 01:01:51]} {[%emt 00:01:07]} fxe4 {[%clk
01:01:40]} {[%emt 00:00:07]} 44. Kd4+ {[%emt 00:01:11]} Ke5+ 0-1